The guide to oilwell fishing operations : (Record no. 20646)
[ view plain ]
| 000 -LEADER | |
|---|---|
| fixed length control field | 01915cam a22002775a 4500 |
| 001 - CONTROL NUMBER | |
| control field | 18284679 |
| 005 - DATE AND TIME OF LATEST TRANSACTION | |
| control field | 20151115113205.0 |
| 008 - FIXED-LENGTH DATA ELEMENTS--GENERAL INFORMATION | |
| fixed length control field | 140829s2015 maua frb 001 0 eng d |
| 020 ## - INTERNATIONAL STANDARD BOOK NUMBER | |
| International Standard Book Number | 9780124200043 |
| 040 ## - CATALOGING SOURCE | |
| Original cataloging agency | DLC |
| Language of cataloging | eng |
| Transcribing agency | DLC |
| Modifying agency | EG-ScBUE |
| -- | EG-ScBUE |
| 082 04 - DEWEY DECIMAL CLASSIFICATION NUMBER | |
| Classification number | 622.3382 |
| Item number | DEG |
| Edition number | 22 |
| 100 1# - MAIN ENTRY--PERSONAL NAME | |
| Personal name | DeGeare, Joe. |
| 9 (RLIN) | 38734 |
| 245 14 - TITLE STATEMENT | |
| Title | The guide to oilwell fishing operations : |
| Remainder of title | tools, techniques, and rules of thumb / |
| Statement of responsibility, etc | by Joe DeGeare. |
| 250 ## - EDITION STATEMENT | |
| Edition statement | 2nd ed. |
| 260 ## - PUBLICATION, DISTRIBUTION, ETC. (IMPRINT) | |
| Place of publication, distribution, etc | Waltham ; |
| -- | Oxford : |
| Name of publisher, distributor, etc | Gulf professional Publishing / Elsevier , |
| Date of publication, distribution, etc | c.2015. |
| 300 ## - PHYSICAL DESCRIPTION | |
| Extent | xv, 216 p. : |
| Other physical details | ill. ; |
| Dimensions | 24 cm. |
| 490 0# - SERIES STATEMENT | |
| Series statement | Gulf drilling guides |
| 500 ## - GENERAL NOTE | |
| General note | Glossary : p. 205-210. |
| 500 ## - GENERAL NOTE | |
| General note | Index : p. 213-216. |
| 504 ## - BIBLIOGRAPHY, ETC. NOTE | |
| Bibliography, etc | Bibliography : p. 211-212. |
| 520 ## - SUMMARY, ETC. | |
| Summary, etc | "Since the first addition of the "The Guide to Oilwell Fishing Operations" was released in 2003 a few things have changed within our industry, we have seen an increase in horizontal drilling, a few technology updates have occurred but as always fishing is still around. (We have strived to update all technology within the second edition of the book, however, we would recommend to always talk to your local fishing tool provider to check on the latest technology updates). The use of coiled tubing has grown substantially with the increase in horizontal drilling and fracking in the North America market. However, what has not changed is the need for fishing tool supervisors and fishing equipment and sooner or later whether drilling a new well or doing a workover on an existing wellbore, the need for fishing will occur. The following reason still come into play when it comes to fishing; fatigue of equipment, hole conditions, planned jobs in workover operations and human error." |
| 650 #0 - SUBJECT ADDED ENTRY--TOPICAL TERM | |
| Topical term or geographic name as entry element | Oil wells |
| General subdivision | Equipment and supplies |
| -- | Fishing. |
| Source of heading or term | BUEsh |
| 651 ## - SUBJECT ADDED ENTRY--GEOGRAPHIC NAME | |
| Source of heading or term | BUEsh |
| 653 ## - INDEX TERM--UNCONTROLLED | |
| Resource For college | Engineering, Petroleum |
| Arrived date list | August2015 |
| -- | November2015 |
| 942 ## - ADDED ENTRY ELEMENTS (KOHA) | |
| Source of classification or shelving scheme | Dewey Decimal Classification |
| Call number prefix | 622.3382 DEG |
| Withdrawn status | Lost status | Source of classification or shelving scheme | Damaged status | Not for loan | Koha collection | Home library | Current library | Shelving location | Date acquired | Source of acquisition | Cost, normal purchase price | Serial Enumeration / chronology | Total Checkouts | Total Renewals | Full call number | Barcode | Date last seen | Date last borrowed | Cost, replacement price | Koha item type |
|---|---|---|---|---|---|---|---|---|---|---|---|---|---|---|---|---|---|---|---|---|
| Dewey Decimal Classification | Baccah | Central Library | Central Library | First floor | 19/08/2015 | Purchase | 960.00 | 21761 | 3 | 16 | 622.3382 DEG | 000030733 | 15/07/2025 | 02/11/2016 | 1200.00 | Book - Borrowing |